000 02489cam a2200337 4500500
005 20251228104706.0
041 _afre
042 _adc
100 1 0 _aRodier, Yann
_eauthor
245 0 0 _aLes libelles et la fabrique de l’odieux (1615-1617) : l’imaginaire de la haine publique et le coup d’État de Louis XIII
260 _c2017.
500 _a52
520 _aÀ partir d’un échantillonnage du corpus de la littérature anti-conciniste, publiée entre 1615 et 1617, cet article montre comment les polémistes ont fait du libelle une fabrique de l’odieux en créant une haine publique. Concini devient le bouc-émissaire d’un ressentiment national tourné contre les étrangers. Le coup d’État royal puis le carnaval sanglant du peuple parisien contre le corps du favori honni marquent le passage d’une haine de papier à une haine brutale, d’une xénophobie politique de circonstance à une xénophobie légalisée et juridique. Louis XIII la justifie par son geste puis par les dispositions parlementaires prises contre les étrangers à la fin de la régence.
520 _aLibelles and the Production of Odium (1615-1617): The Imaginary of Hatred and Louis XIII’s Coup d’État Based on a sample of anti-Concini literature published between 1615 and 1617, this article shows how polemicists’ slanderous pamphlets became a source of odium and stoked the public’s hatred. Concini became the scapegoat for the nation’s resentment of foreigners. The royal coup d’état and, later, the bloody carnival of the Parisian people as they set upon the body of the reviled favorite marked the passage from hatred that was merely on paper to a brutal hatred, from ad-hoc political xenophobia to legalized and juridical xenophobia. Louis XIII’s deeds justified it and, later, so did the legal measures against foreigners at the end of the regency.
690 _aConcino Concini
690 _aItaliens
690 _aJuifs
690 _alibelles
690 _aLouis XIII
690 _aMarie de Médicis
690 _axénophobie
690 _aConcino Concini
690 _aItalians
690 _aJews
690 _aLouis XIII
690 _aMarie de’ Medici
690 _aslanderous pamphlet
690 _axenophobia
786 0 _nDix-septième siècle | 276 | 3 | 2017-08-22 | p. 441-454 | 0012-4273
856 4 1 _uhttps://shs.cairn.info/revue-dix-septieme-siecle-2017-3-page-441?lang=fr&redirect-ssocas=7080
999 _c1606488
_d1606488